根据歌词猜歌名 综合篇-2 - Statistics

General Stats
  • This quiz has been taken 12 times
  • The average score is 12 of 20
Answer Stats
歌词 歌名 % Correct
轻轻的我将离开你 请将眼角的泪拭去漫漫长夜里 未来日子里 亲爱的你别为我哭泣 大约在冬季
89%
把一个人的温暖转移到另一个人的胸膛让上次犯的错反省出梦想 爱情转移
89%
轻轻敲醒沉睡的心灵 慢慢张开你的眼睛看看忙碌的世界是否依然孤独的转个不停 明天会更好
89%
我承认都是誓言惹的祸 偏偏似糖如蜜说来最动人再怎么心如钢铁也成绕指柔 月亮惹的祸
89%
让海天为我聚能量 去开天辟地 为我理想去闯 男儿当自强
78%
马蹄南去人北望 人北望 草青黄 尘飞扬 精忠报国
67%
你问我爱你有多深 我爱你有几分 月亮代表我的心
67%
都比不起这宵美丽 亦绝不可使我更欣赏啊 因你今晚共我唱 千千阕歌
67%
在漫天风沙里 望着你远去我竟悲伤得不能自己 漂洋过海来看你
67%
就请你给我多一点点时间再多一点点问候 不要一切都带走 让我欢喜让我忧
56%
我等的船还不来 我等的人还不明白寂寞默默沉没沉入海 未来不在我还在 伤心太平洋
56%
是非成败转头空 青山依旧在 几度夕阳红 滚滚长江东逝水
56%
让青春吹动了你的长发让它牵引你的梦不知不觉这城市的历史已记取了你的笑容 追梦人
56%
问世间是否此山最高 或者另有高处比天高在世间自有山比此山更高 但爱心找不到比你好 世间始终你好
56%
十五的月亮升上了天空哟为什么旁边没有云彩 敖包相会
44%
我的黑夜比白天多 不要太早离开我世界已经太寂寞 我不要这样过 让我一次爱个够
44%
我们既然曾经拥有 我的爱就不想停顿每个梦里都有你的梦 共同期待一个永恒的春天 等待
44%
聚散也有天注定 不怨天不怨命 但求有山水共作证 万水千山总是情
44%
共你有过最美的邂逅 共你有过一些风雨忧愁共你醉过痛过的最后 但我发觉想你不能没有 只想一生跟你走
44%
风沙挥不去印在历史的血痕风沙挥不去苍白海棠血泪 梦驼铃
33%
No matching quizzes found
Score Distribution
Percent of People with Each Score
Percentile by Number Answered
Your Score History
You have not taken this quiz